[Event "40th Eastman Open Ghent"]
[Site "Ghent"]
[Date "2017.07.16"]
[Round "3"]
[White "Michiels, Bart"]
[Black "De Vos, Clemens"]
[Result "1-0"]
[WhiteElo "2536"]
[BlackElo "2079"]
[Annotator "TA"]
[PlyCount "59"]
[EventDate "2017.??.??"]
[EventType "swiss"]
[EventCountry "BEL"]
[SourceTitle "playchess.com"]
[Source "ChessBase"]
[SourceQuality "1"]

{[%evp 18,58,69,54,71,71,72,62,50,52,82,49,51,20,66,64,102,104,104,100,87,52,56,54,99,110,108,59,91,75,158,90,230,209,220,227,528,512,466,516,864,849,29999]} 1. d4 Nf6 2. c4 g6 3. Nf3 Bg7 4. g3 O-O 5. Bg2 c5 6. Nc3 d6 7. O-O Nbd7 8. d5 a6 9. a4 Rb8 10. e4 {LiveBook: 6 Games} Ne8 {E65: King's Indian: Fianchetto: 6...c5 7 0-0 without d5 by White} 11. Bf4 (11. Re1 Nc7 12. Qd3 a5 13. Qc2 Na6 14. b3 Nb4 15. Qd2 Nf6 16. h3 Ne8 17. Bb2 Bd7 18. Rad1 Qc8 19. Kh2 e5 {1-0 (33) Bagaturov,G (2397)-Habibi,A (2258) Acqui Terme 2015}) 11... Nc7 12. a5 b5 {White is slightly better.} 13. axb6 $1 Rxb6 14. Na4 $146 ({Predecessor:} 14. Ra2 Rb4 15. Qe2 Nb6 16. Nd2 e6 17. Qd3 exd5 18. exd5 Bf5 19. Be4 {1-0 (41) Keene,R-McKay,R Dresden 1969}) 14... Rb4 15. Bd2 Rb8 16. Rb1 Nb6 17. Nxb6 Rxb6 18. b4 cxb4 19. Rxb4 Rxb4 20. Bxb4 Bd7 21. Qd2 Qb8 22. Rc1 Re8 23. h4 Bf6 {[#]} ({Black should play} 23... Rc8) 24. h5 (24. e5 $142 $1 {[%mdl 512]} Bxe5 (24... dxe5 25. Bc3) 25. Nxe5 dxe5 26. Bc5) 24... gxh5 {[#]} (24... Rc8 $16) 25. e5 $1 $18 {[%mdl 512]} dxe5 26. Bc3 Ne6 $2 (26... e4) 27. dxe6 Bxe6 {[#]} 28. Nxe5 $1 {[%mdl 512]} Bxe5 (28... Bg7 $142 29. Nc6 Qd6) 29. Qg5+ Bg7 30. Qxg7# {Precision: White = 64%, Black = 16%.} 1-0

[Event "40th Eastman Open Ghent"]
[Site "Ghent"]
[Date "2017.07.16"]
[Round "3"]
[White "Kovalev, Andrei"]
[Black "Boog, Ben"]
[Result "1-0"]
[WhiteElo "2517"]
[BlackElo "2109"]
[Annotator "TA"]
[PlyCount "91"]
[EventDate "2017.??.??"]
[EventType "swiss"]
[EventCountry "BEL"]
[SourceTitle "playchess.com"]
[Source "ChessBase"]
[SourceQuality "1"]

{[%evp 22,91,39,33,50,23,26,18,20,13,10,14,20,16,18,10,27,18,19,14,24,16,8,16,27,9,17,8,32,21,23,0,0,5,4,7,8,7,176,186,179,179,173,174,174,129,236,236,214,215,236,163,164,96,93,84,269,258,590,565,555,533,1031,610,632,596,713,708,693,651,793,793]} 1. e4 c6 2. d4 d5 3. Nd2 dxe4 4. Nxe4 Nf6 5. Nxf6+ exf6 6. c3 Bd6 7. Bd3 O-O 8. Ne2 Re8 9. Qc2 h6 10. O-O Qc7 {B15: Caro-Kann: 3 Nc3: 3...g6 and 3...dxe4 4 Nxe4 Nf6 5 Nxf6+ exf6} 11. h3 (11. g3 Qa5 12. Re1 Bh3 13. Bd2 Nd7 14. Be4 Nf8 15. Bf4 Be7 16. b4 Qh5 17. Rad1 Be6 18. Bd2 {0-1 (43) Corrales Jimenez,F (2528)-Shimanov,A (2631) Philadelphia 2016}) 11... Nd7 12. Be3 {LiveBook: 12 Games} c5 {White is slightly better.} 13. c4 cxd4 14. Nxd4 a6 15. Rac1 $146 ({Predecessor:} 15. Rfe1 Ne5 16. Bf1 Bd7 17. Rac1 Rac8 {0-1 (31) Cubas,J (2474)-Cavalcanti,F (2186) Praia da Pipa 2014}) 15... Nc5 16. Bh7+ Kh8 $1 17. Rfe1 Bd7 18. Bf5 Rad8 19. Rcd1 Ne6 20. Nxe6 Bxe6 21. c5 Bh2+ 22. Kh1 Be5 23. Be4 f5 24. Bf3 f4 (24... f6 {keeps more tension.} 25. Bh5 Rxd1 26. Rxd1 Re7 27. b4 g5) 25. Bc1 a5 ({Don't blunder} 25... Bxa2 $2 26. b3 $18) 26. Rxd8 (26. a3 {is more complex.} Rxd1 27. Rxd1 Bd7 28. b4 axb4 29. axb4 Bc6 30. Qb3) 26... Rxd8 27. b3 Bd4 28. Rd1 Rd7 29. Ba3 b5 $2 (29... Qe5 $11 {and Black stays safe.}) 30. c6 $36 {[%mdl 2048] White is really pushing.} Rd8 31. Bb2 Bxb2 32. Rxd8+ Qxd8 33. Qxb2 Qc7 (33... Qd6 $16 34. Qc2 Qc7) 34. Qe2 b4 35. Qb5 Bc8 36. Qc5 {aiming for Qf8+.} Kg8 {[#]} 37. Kg1 ({White should play} 37. Bg4 $1 $18 {[%cal Rg4c8]} Ba6 38. Qd5) 37... g6 $16 38. Bg4 f5 $2 (38... Ba6 $16) 39. Bf3 $18 Kg7 $2 (39... Kf7 {is tougher.} 40. Qd4 g5) 40. Qd4+ {White is clearly winning.} Kh7 41. Qf6 g5 42. Bh5 {[#] Bf7 would kill now.} Qg7 43. Qd6 g4 44. hxg4 fxg4 45. Qxf4 g3 46. fxg3 {Precision: White = 65%, Black = 39%.} 1-0

[Event "40th Eastman Open Ghent"]
[Site "Ghent"]
[Date "2017.07.16"]
[Round "3"]
[White "Docx, Stefan"]
[Black "Regniers, Yves"]
[Result "1-0"]
[WhiteElo "2427"]
[BlackElo "2017"]
[Annotator "TA"]
[PlyCount "71"]
[EventDate "2017.??.??"]
[EventType "swiss"]
[EventCountry "BEL"]
[SourceTitle "playchess.com"]
[Source "ChessBase"]
[SourceQuality "1"]

1. d4 {Program Activation Required} g6 2. e4 d5 3. exd5 Qxd5 4. Nc3 Qa5 5. Bc4 (5. Nf3 Bg7 6. Bc4 Nf6 7. O-O O-O 8. Re1 Bg4 9. Bd2 Qb6 10. Bb3 Nc6 11. Be3 Na5 12. h3 Nxb3 13. axb3 Bf5 14. Ne5 {½-½ (14) Brkic,A (2587)-Kurajica,B (2551) Split 2012}) 5... c6 6. Nf3 {B01: Scandinavian Defence} Nf6 7. Bd2 Qc7 8. Ne5 e6 9. Qf3 Bg7 10. Bf4 $146 ({NOTEXT:} 10. O-O-O O-O 11. Bf4 Qe7 12. h4 Nbd7 13. g4 Nxe5 14. dxe5 {1-0 (25) Kovalev,V (2349)-Artemyeva,V St Petersburg 2009}) 10... Qe7 11. O-O-O Nd5 12. Bxd5 exd5 13. Qg3 O-O 14. Nf3 Nd7 15. Bd6 Qd8 16. Rhe1 Nb6 17. Be7 Qd7 18. Bxf8 Bxf8 19. Ne5 Qf5 20. Qf3 Qg5+ 21. Qe3 Qxg2 22. Qf4 Bf5 23. Re3 Bg7 24. Ne2 Bxe5 25. Rxe5 Qg4 26. Qh6 Be4 27. Ng3 Qf3 28. Nxe4 dxe4 29. Re1 Qf6 30. R1xe4 Rf8 31. Re8 Qg7 32. Qg5 Nc4 33. Qd8 Qh6+ 34. f4 f5 35. Rxf8+ Qxf8 36. Re8 1-0

[Event "40th Eastman Open Ghent"]
[Site "Ghent"]
[Date "2017.07.16"]
[Round "3"]
[White "Michielsen, Joost"]
[Black "Boons, Patrick"]
[Result "1-0"]
[WhiteElo "2409"]
[BlackElo "2001"]
[Annotator "RC"]
[PlyCount "105"]
[EventDate "2017.??.??"]
[EventType "swiss"]
[EventCountry "BEL"]
[SourceTitle "playchess.com"]
[Source "ChessBase"]
[SourceQuality "1"]
[TimeControl "7200"]

1. e4 {[%emt 0:00:47]} d5 {[%emt 0:00:05]} 2. exd5 {[%emt 0:00:06]} Qxd5 {[%emt 0:00:04]} 3. Nc3 {[%emt 0:00:11]} Qd6 {[%emt 0:01:24]} 4. d4 {[%emt 0:00:12]} Nf6 {[%emt 0:03:37]} 5. Nf3 {[%emt 0:01:10]} a6 {[%emt 0:02:15]} 6. Ne5 {[%emt 0:02:01]} Nc6 {[%emt 0:03:47]} 7. Bf4 {[%emt 0:17:29]} Qxd4 {[%emt 0:10:39]} 8. Nxc6 {[%emt 0:01:52]} Qxd1+ {[%emt 0:00:11]} 9. Rxd1 {[%emt 0:00:08]} bxc6 {[%emt 0:00:05]} 10. Bxc7 {[%emt 0:00:12]} Bb7 {[%emt 0:02:26]} 11. Na4 {[%emt 0:06:57]} Nd5 {[%emt 0:04:58]} 12. Be5 {[%emt 0:00:21]} e6 {[%emt 0:00:42]} 13. Bd4 {[%emt 0:17:13]} Nb4 {[%emt 0:13:25]} 14. Rd2 {[%emt 0:01:49]} a5 {[%emt 0:00:24]} 15. Bc4 {[%emt 0:17:29]} Ba6 {[%emt 0:06:26]} 16. Nb6 {[%emt 0:03:12]} Rd8 {[%emt 0:03:08]} 17. c3 {[%emt 0:00:49]} Bxc4 {[%emt 0:01:11]} 18. Nxc4 {[%emt 0:00:05]} c5 {[%emt 0:00:07]} 19. Be5 {[%emt 0:04:35]} Nd3+ {[%emt 0:01:19]} 20. Ke2 {[%emt 0:00:02]} Nxe5 {[%emt 0:00:29]} 21. Nxe5 {[%emt 0:00:06]} Rxd2+ {[%emt 0:00:05]} 22. Kxd2 {[%emt 0:00:05]} Bd6 {[%emt 0:00:05]} 23. Re1 {[%emt 0:02:19]} Ke7 {[%emt 0:01:49]} 24. Nc6+ {[%emt 0:11:57]} Kd7 {[%emt 0:00:56]} 25. Nxa5 {[%emt 0:00:06]} Ra8 {[%emt 0:00:28]} 26. Nc4 {[%emt 0:00:07]} Rxa2 {[%emt 0:00:27]} 27. Rd1 {[%emt 0:01:00]} Ra6 {[%emt 0:00:46]} 28. Ke3 {[%emt 0:03:33]} Ke7 {[%emt 0:05:43]} 29. Rxd6 {[%emt 0:02:05]} Rxd6 {[%emt 0:00:09]} 30. Nxd6 {[%emt 0:00:03]} Kxd6 {[%emt 0:00:04]} 31. Ke4 {[%emt 0:02:41]} f5+ {[%emt 0:00:56]} 32. Kd3 {[%emt 0:00:37]} e5 {[%emt 0:00:34]} 33. Kc4 {[%emt 0:00:23]} g6 {[%emt 0:01:54]} 34. b4 {[%emt 0:01:23]} cxb4 {[%emt 0:01:16]} 35. cxb4 {[%emt 0:00:05]} Kc6 {[%emt 0:00:02]} 36. f3 {[%emt 0:01:24]} g5 {[%emt 0:03:26]} 37. b5+ {[%emt 0:00:12]} Kd6 {[%emt 0:00:11]} 38. b6 {[%emt 0:00:22]} g4 {[%emt 0:01:18]} 39. fxg4 {[%emt 0:00:33]} fxg4 {[%emt 0:00:11]} 40. b7 {[%emt 0:00:11]} Kc7 {[%emt 0:00:06]} 41. Kd5 {[%emt 0:00:04]} Kxb7 {[%emt 0:00:15]} 42. Kxe5 {[%emt 0:00:05]} Kc7 {[%emt 0:00:11]} 43. Kf4 {[%emt 0:00:08]} Kd7 {[%emt 0:00:07]} 44. Kxg4 {[%emt 0:00:05]} Ke7 {[%emt 0:00:04]} 45. Kg5 {[%emt 0:00:16]} Kf7 {[%emt 0:00:05]} 46. Kh6 {[%emt 0:00:04]} Kg8 {[%emt 0:00:08]} 47. g4 {[%emt 0:00:23]} Kh8 {[%emt 0:00:04]} 48. g5 {[%emt 0:00:06]} Kg8 {[%emt 0:00:05]} 49. h3 {[%emt 0:01:57]} Kh8 {[%emt 0:00:08]} 50. h4 {[%emt 0:00:05]} Kg8 {[%emt 0:00:05]} 51. h5 {[%emt 0:00:04]} Kh8 {[%emt 0:00:14]} 52. g6 {[%emt 0:00:05]} hxg6 {[%emt 0:01:44]} 53. hxg6 {[%emt 0:00:06]} 1-0

[Event "40th Eastman Open Ghent"]
[Site "Ghent"]
[Date "2017.07.16"]
[Round "3"]
[White "Lammens, Tim"]
[Black "Ongena, Niels"]
[Result "1-0"]
[WhiteElo "2304"]
[BlackElo "1879"]
[Annotator "NA RC"]
[PlyCount "67"]
[EventDate "2017.??.??"]
[EventType "swiss"]
[EventCountry "BEL"]
[SourceTitle "playchess.com"]
[Source "ChessBase"]
[SourceQuality "1"]
[TimeControl "7200"]

1. Nf3 {[%emt 0:09:45]} Nf6 {[%emt 0:00:16]} 2. g3 {[%emt 0:00:28]} g6 {[%emt 0:00:13]} 3. b3 {[%emt 0:00:04]} Bg7 {[%emt 0:00:08]} 4. Bb2 {[%emt 0:00:01]} O-O {[%emt 0:00:15]} 5. Bg2 {[%emt 0:00:07]} d6 {[%emt 0:00:25]} 6. d4 {[%emt 0:00:06]} Nbd7 {[%emt 0:01:00]} 7. O-O {[%emt 0:00:27]} c6 {[%emt 0:01:04]} 8. Nbd2 {[%emt 0:00:34]} Qc7 {[%emt 0:01:21]} 9. e4 {[%emt 0:00:43]} e5 {[%emt 0:03:19]} 10. dxe5 {[%emt 0:00:35] A49: 1 d4 Nf6 2 Nf3 g6 3 g3: Anti-King's Indian systems} dxe5 {[%emt 0:00:12]} 11. Re1 {[%emt 0:00:26]} (11. Qe2 Re8 12. Rfd1 b6 13. Nc4 Ba6 14. Ne1 Nc5 15. f3 Nfd7 16. Bf1 Ne6 17. Qf2 Ndc5 {1-0 (44) Czebe,A (2475)-Haring,F (2328) Senica 2017}) 11... b5 {[%emt 0:02:15]} 12. a4 {[%emt 0:00:32]} Bb7 {[%emt 0:02:05]} 13. Qe2 {[%emt 0:02:53]} a6 {[%emt 0:00:47]} 14. c4 $146 {[%emt 0:02:00]} ({Predecessor:} 14. h3 Rfe8 15. Ba3 Rad8 16. Qe3 Ba8 17. Bf1 Qb7 {1-0 (39) Cosma,E (2332)-Bogdan,E (1829) Baile Olanesti 2013}) 14... b4 {[%emt 0:09:32]} 15. c5 {[%emt 0:00:49]} a5 {[%emt 0:04:22]} 16. h3 {[%emt 0:08:06]} (16. Nc4 $14) 16... Ba6 {[%emt 0:01:53]} 17. Qe3 {[%emt 0:00:07]} h6 {[%emt 0:01:33]} ({Black should play} 17... Nh5 $15) 18. Bf1 {[%emt 0:01:01]} Bxf1 {[%emt 0:01:07]} 19. Rxf1 {[%emt 0:00:08]} Rfd8 {[%emt 0:01:17]} 20. Nc4 {[%emt 0:01:59]} Nh7 {[%emt 0:01:16]} 21. Rfd1 {[%emt 0:09:50]} Nhf8 {[%emt 0:01:09]} 22. Rd6 {[%emt 0:04:23]} ({White should play} 22. Rab1 $16) 22... Ne6 {[%emt 0:01:11]} 23. Rad1 {[%emt 0:29:50]} Nexc5 {[%emt 0:13:55]} 24. Nfxe5 {[%emt 0:01:59]} Nxe5 {[%emt 0:00:25]} 25. Bxe5 {[%emt 0:00:38]} Bxe5 {[%emt 0:00:47]} 26. Rxd8+ {[%emt 0:00:12]} Rxd8 {[%emt 0:00:28]} 27. Rxd8+ {[%emt 0:00:04]} Qxd8 {[%emt 0:00:03]} 28. Qxc5 {[%emt 0:00:31]} Qd1+ {[%emt 0:05:32]} 29. Kg2 {[%emt 0:00:11]} Qxb3 {[%emt 0:02:11]} 30. Nxe5 {[%emt 0:00:40]} Qxa4 {[%emt 0:00:18]} 31. Nd7 {[%emt 0:01:35]} Qa1 {[%emt 0:02:59]} 32. Qf8+ $2 {[%emt 0:00:38]} (32. e5 {mates} Kh7 33. Qf8 Qg1+ 34. Kxg1 g5 35. Qxf7+ Kh8 36. Nf6 c5 37. Qh7#) 32... Kh7 {[%emt 0:00:10]} 33. Qxf7+ {[%emt 0:00:06]} Qg7 {[%emt 0:01:19]} 34. Nf6+ {[%emt 0:00:10]} 1-0

[Event "40th Eastman Open Ghent"]
[Site "Ghent"]
[Date "2017.07.16"]
[Round "3"]
[White "Vinke, Maarten"]
[Black "Epishin, Vladimir"]
[Result "0-1"]
[WhiteElo "2127"]
[BlackElo "2541"]
[Annotator "TA"]
[PlyCount "118"]
[EventDate "2017.??.??"]
[EventType "swiss"]
[EventCountry "BEL"]
[SourceTitle "playchess.com"]
[Source "ChessBase"]
[SourceQuality "1"]

{[%evp 12,118,12,0,12,0,0,0,0,9,0,-74,-68,-78,-18,-42,-19,-12,25,-17,-25,-24,-32,-57,-54,-51,-49,-84,-86,-85,-79,-79,-87,-78,-91,-110,-59,-60,-59,-51,-52,-60,-42,-43,-40,-84,-64,-98,-83,-89,-8,-137,-104,-179,-179,-179,-106,-352,-339,-345,-344,-284,-292,-305,-303,-356,-320,-408,-393,-568,-534,-554,-430,-578,-578,-716,-682,-652,-460,-460,-460,-460,-432,-1176,-966,-1350,-1296,-1682,-1889,-4786,-5174,-5120,-4867,-4606,-4627,-4626,-4618,-2570,-2051,-29978,-29978,-29980,-29976,-29983,-29984,-29987,-29988,-29988,-29989]} 1. e4 g6 2. d4 Bg7 3. Nf3 d6 4. Nc3 a6 5. Be3 b5 6. a3 {B06: Modern Defence} (6. e5 Nd7 7. Bd3 Bb7 8. e6 fxe6 9. Ng5 Nf8 10. O-O Nf6 11. f3 h6 12. Nge4 Nd5 13. Nxd5 exd5 {1-0 (38) Najer,E (2679)-Mchedlishvili,M (2601) Doha 2016}) 6... Bb7 7. Bd3 {LiveBook: 5 Games} Nf6 8. Qc1 $146 {The position is equal.} ({Predecessor:} 8. Qd2 Nbd7 9. Bh6 Bxh6 10. Qxh6 e5 11. d5 Qe7 12. O-O Ng4 13. Qh4 Qxh4 14. Nxh4 {1-0 (56) Bossard,A (2199)-Pein,M (2401) France 2007}) 8... Nbd7 9. Bh6 O-O 10. h4 e5 11. Qg5 (11. dxe5 $11 Nxe5 12. Nxe5 dxe5 13. f3) 11... Bxh6 $17 12. Qxh6 Ng4 ({Better is} 12... exd4 $1 $17 13. Nxd4 c5) 13. Qg5 $11 h5 14. dxe5 $1 dxe5 15. Rd1 Nc5 16. Qxd8 Rfxd8 17. Nh2 Nxh2 18. Rxh2 Ne6 19. Ne2 Rd6 20. f3 Rad8 21. Nc1 {[#]} f5 $1 {[%mdl 512]} 22. exf5 gxf5 23. Be2 {[#]} Kf7 (23... Nd4 $1 $17 {[%cal Rd4c2]} 24. Kf2 Nxc2 25. Rxd6 cxd6) 24. Rxd6 $15 cxd6 25. Kf2 f4 26. Rh1 Ke7 27. Bd3 Kf6 28. Ne2 d5 {...e4 is the strong threat.} 29. Nc3 Rc8 30. Rd1 d4 ({Black should try} 30... Nc5 $17 {White must now prevent ...d4.} 31. Ne2 Na4) 31. Ne4+ (31. Ne2 $1 $11) 31... Bxe4 $1 $17 32. Bxe4 {[%mdl 4096] Endgame [#] KRB-KRN} (32. fxe4 $17 Nc5 33. Rd2) 32... Nc5 $1 $19 {[%cal Rc5e4]} 33. Rd2 a5 (33... Nxe4+ $19 34. fxe4 a5) 34. g3 $2 (34. Bd3 $17 {might work better.}) 34... fxg3+ 35. Kxg3 Rg8+ 36. Kh3 Nxe4 37. fxe4 {KR-KR} Rg4 38. Re2 a4 39. b3 Ke6 40. b4 (40. Re1 {was called for.}) 40... Rg1 41. Rg2 Ra1 42. Rg6+ Kf7 43. Rb6 Rxa3+ 44. Kg2 Re3 45. Rxb5 Rxe4 46. Ra5 Ke6 47. Kf3 (47. Kf1 $142 d3 48. cxd3 Rxb4 49. Ke2) 47... Re3+ 48. Kf2 a3 49. b5 Rc3 50. Ke1 Rxc2 51. Rxa3 Rb2 52. Ra6+ Kf5 53. Rh6 Rxb5 54. Rxh5+ Kf4 55. Rg5 Rb2 {Black mates.} 56. Rg8 Rh2 57. Rh8 d3 {[%cal Bd4d3,Bd3d2][%mdl 32]} 58. h5 Ke3 {[%cal Rh2h1]} 59. Kf1 d2 {Precision: White = 35%, Black = 69%.} 0-1

[Event "40th Eastman Open Ghent"]
[Site "Ghent"]
[Date "2017.07.16"]
[Round "3"]
[White "Fischer, Daniel"]
[Black "Van Beers, Eddy"]
[Result "1/2-1/2"]
[WhiteElo "2116"]
[BlackElo "2312"]
[Annotator "NA RC"]
[PlyCount "67"]
[EventDate "2017.??.??"]
[EventType "swiss"]
[EventCountry "BEL"]
[SourceTitle "playchess.com"]
[Source "ChessBase"]
[SourceQuality "1"]
[TimeControl "7200"]

1. e4 {[%emt 0:00:03]} c5 {[%emt 0:00:06]} 2. Nf3 {[%emt 0:00:05]} d6 {[%emt 0:00:05]} 3. d4 {[%emt 0:00:03]} cxd4 {[%emt 0:00:05]} 4. Nxd4 {[%emt 0:00:04]} Nf6 {[%emt 0:00:06]} 5. Nc3 {[%emt 0:00:04]} a6 {[%emt 0:00:05]} 6. Be3 {[%emt 0:00:03]} e5 {[%emt 0:00:09]} 7. Nb3 {[%emt 0:00:04]} Be7 {[%emt 0:00:10]} 8. h3 {[%emt 0:00:04] B90: Sicilian Najdorf: Unusual White 6th moves, 6 Be3 Ng4 and 6 Be3 e5} (8. Qd2 Be6 9. O-O-O Nbd7 10. f4 exf4 11. Bxf4 Ne5 12. Nd4 O-O 13. g3 Qd7 14. Nf5 Bxf5 15. exf5 Qxf5 16. Bg2 Rac8 17. Kb1 Nc4 18. Qd3 Qa5 19. Nd5 Nxd5 20. Bxd5 {1-0 (43) Morozevich,A (2676)-Nepomniachtchi,I (2767) Doha 2016}) 8... Be6 {[%emt 0:10:34]} 9. f4 {[%emt 0:00:05]} exf4 {[%emt 0:01:15]} 10. Bxf4 {[%emt 0:00:04]} Nc6 {[%emt 0:01:03]} 11. Qe2 {[%emt 0:01:31]} O-O {[%emt 0:04:12]} 12. O-O-O {[%emt 0:00:30]} Qc7 {[%emt 0:02:51]} 13. g4 {[%emt 0:01:20]} Rac8 {[%emt 0:04:21]} 14. Kb1 {[%emt 0:01:28]} Ne5 {[%emt 0:06:01]} 15. g5 {[%emt 0:01:24]} Nfd7 {[%emt 0:01:06]} 16. Nd5 {[%emt 0:02:38]} Bxd5 {[%emt 0:01:15]} 17. exd5 {[%emt 0:00:05]} Rfe8 {[%emt 0:05:08]} 18. Qg2 {[%emt 0:03:09]} Bf8 {[%emt 0:08:11]} 19. h4 $146 {[%emt 0:04:09]} g6 {[%emt 0:15:01]} 20. h5 {[%emt 0:06:08]} Bg7 {[%emt 0:00:36]} 21. hxg6 {[%emt 0:00:47]} hxg6 {[%emt 0:00:41]} 22. Bc1 {[%emt 0:12:08]} ({Don't take} 22. Qh2 $6 Kf8 $14) (22. c3 $142) 22... Qb6 {[%emt 0:08:36]} (22... Nc4 $142) 23. Rh4 {[%emt 0:06:10]} a5 {[%emt 0:13:27]} 24. Be2 {[%emt 0:10:16]} Nc5 {[%emt 0:09:26]} 25. Rdh1 {[%emt 0:09:29]} Nxb3 {[%emt 0:03:08]} 26. Qh3 $2 {[%emt 0:07:50]} ({Less strong is} 26. cxb3 Qc5 $14) (26. axb3 $18 a4 27. bxa4) 26... Kf8 {[%emt 0:02:27]} 27. axb3 {[%emt 0:01:07]} Ke7 {[%emt 0:02:14]} 28. Rh7 {[%emt 0:07:33]} Rh8 {[%emt 0:01:27]} 29. Qf1 {[%emt 0:02:43]} Rxh7 {[%emt 0:00:40]} 30. Rxh7 {[%emt 0:00:04]} Kf8 {[%emt 0:00:09]} 31. Bf3 {[%emt 0:04:02]} (31. Qh1 $5 {[%cal Rh7h8]} Re8 32. Qg2 $14) 31... Kg8 {[%emt 0:01:54]} (31... a4 $5 32. Qh3 Qc5 $11) 32. Rh4 {[%emt 0:01:12]} Qc5 {[%emt 0:01:24]} 33. Be4 {[%emt 0:00:59]} b5 {[%emt 0:01:20]} 34. Qe2 $15 {[%emt 0:03:35]} 1/2-1/2

[Event "40th Eastman Open Ghent"]
[Site "Ghent"]
[Date "2017.07.16"]
[Round "3"]
[White "Becx, Cesar"]
[Black "Dgebuadze, Alexandre"]
[Result "0-1"]
[WhiteElo "2096"]
[BlackElo "2524"]
[Annotator "TA"]
[PlyCount "66"]
[EventDate "2017.??.??"]
[EventType "swiss"]
[EventCountry "BEL"]
[SourceTitle "playchess.com"]
[Source "ChessBase"]
[SourceQuality "1"]

{[%evp 9,66,40,60,2,35,30,20,25,39,38,96,100,121,126,151,116,122,88,120,105,110,86,155,22,257,50,86,0,0,0,10,-60,-4,-92,-20,-31,-18,-28,0,0,37,-2,-26,-108,-43,-46,-54,-117,-110,-339,-333,-516,-510,-525,-519,-520,-515,-503,-503]} 1. f4 d6 2. Nf3 Bg4 3. e3 (3. e4 e5 4. d3 Nc6 5. Be2 Nf6 6. O-O g6 7. Nc3 Bg7 8. Qe1 h6 9. Kh1 Qd7 10. Rb1 Be6 11. a3 O-O-O {1-0 (30) Kovacevic,B (2463)-Godena,M (2505) Kusadasi 2006}) 3... g6 4. h3 Bd7 $146 ({Predecessor:} 4... Bxf3 5. Qxf3 c6 6. Nc3 Bg7 7. g4 Nd7 8. Bg2 e6 9. d3 Ne7 10. Bd2 Qb6 {0-1 (56) Healey,M (2016)-Cox,J (2378) Uxbridge 2009}) 5. d4 Bg7 6. c4 {A02: Bird's Opening} (6. Nc3 $14) 6... c5 (6... e5 $5) 7. Nc3 cxd4 8. exd4 {[%cal Be3d4,Bd4d5][%mdl 32] The position is equal.} Nc6 9. Be3 Nh6 (9... Rc8 $14) 10. g4 Rc8 11. Qd2 a6 12. d5 Na5 13. Bd4 Bxd4 14. Qxd4 O-O 15. f5 ({Don't play} 15. b4 $6 Nxc4 16. Bxc4 Qc7 $11) 15... Qc7 (15... b5 $142) 16. Nd2 (16. b3 $16) 16... b6 $2 (16... f6 $1 $11) 17. Be2 $2 (17. b4 $18) 17... f6 $14 18. Qe4 ({White should try} 18. fxg6 $16 {Hoping for Qe3.} hxg6 19. b4) 18... gxf5 $11 19. gxf5 Kh8 20. Rg1 (20. b4 $11) 20... Nxf5 ({Black should play} 20... b5 $15) 21. Bg4 {[#]} (21. b4 $11) 21... Ng7 (21... Nh6 $1 $17 {[%cal Rh6g4]} 22. Bxd7 Qxd7) 22. Bxd7 Qxd7 23. O-O-O $1 Rf7 24. Rdf1 Nb7 25. Nf3 {[%mdl 1024] [#] aiming for Ng5! White has compensation.} Nc5 26. Qh4 (26. Qe2 $11) 26... Qf5 ({Better is} 26... Nf5 $17 27. Qh5 Rg7 28. Rxg7 Nxg7) 27. Nd4 $15 Qd3 28. Nc6 (28. Rf3 $15 Qxc4 29. Kb1) 28... Nf5 $17 29. Qh5 $2 (29. Qf2 $17 {was called for.} Rxc6 30. Qxf5 (30. dxc6 $2 {loses.} Nd4 $19) 30... Qxf5 31. Rxf5) 29... Rg7 $19 30. Qd1 (30. Qe2 {was the only defense.} Ng3 31. Qg2) 30... Ne3 {Black is clearly winning.} 31. Qxd3 Nxd3+ 32. Kb1 Nxf1 33. Rxf1 Ne5 {Precision: White = 33%, Black = 27%.} 0-1

[Event "40th Eastman Open Ghent"]
[Site "Ghent"]
[Date "2017.07.16"]
[Round "3"]
[White "Pienski, Olaf"]
[Black "Ward, Chris G"]
[Result "0-1"]
[WhiteElo "2093"]
[BlackElo "2441"]
[Annotator "TA"]
[PlyCount "65"]
[EventDate "2017.??.??"]
[EventType "swiss"]
[EventCountry "BEL"]
[SourceTitle "playchess.com"]
[Source "ChessBase"]
[SourceQuality "1"]

1. c4 {Program Activation Required} b6 2. Nc3 Bb7 3. e4 e6 4. d4 Bb4 5. f3 Qh4+ 6. g3 {A40: Unusual replies to 1 d4} Bxc3+ 7. bxc3 Qh5 8. Nh3 f5 9. Nf4 Qf7 10. exf5 Qxf5 11. Bd3 Qa5 12. Bd2 $146 ({NOTEXT:} 12. Qc2 Nf6 13. O-O O-O {1-0 (35) Wang,Y (2685)-Dizdarevic,E (2499) Istanbul 2012}) 12... Nf6 13. O-O O-O 14. Qc2 e5 15. Nd5 Bxd5 16. cxd5 Qxd5 17. dxe5 Qxe5 18. Rae1 Qd5 19. c4 Qd6 20. Bf4 Qc6 21. Qb3 Kh8 22. Qa3 d6 23. Bg5 Nbd7 24. Be4 Nxe4 25. Rxe4 Ne5 26. Bf4 Ng6 27. Bg5 Rae8 28. Rfe1 h6 29. Bc1 Ne5 30. Bf4 Nxc4 31. Qc3 Rxe4 32. Rxe4 d5 33. Bxh6 0-1